000
00358nam a2200133Ia 4500
008
151001s9999||||xx |||||||||||||| ||und||
100
_a
गोविंद केळकर
245
_a
प्रीत फुले चांदण्यात
250
_a
1
260
_b
मित्रसमाज
260
_c
2012
300
_a
200
365
_b
18
999
_c
998987
_d
998984